00570nam a2200133Ia 45000010005000000080041000050820021000461000183000672450108002502600028003585900007003869010028003939990015004213019241024s9999 xx 000 0 und d aRD/420.078/R426e aRepública Dominicana. Ministerio de Educación. Regional Educativa #10. Explicación de por qué no se ha continuado el convenio con PTS, (Programa aprendizaje del inglés) 0aExplicación de por qué no se ha continuado el convenio con PTS, (Programa aprendizaje del inglés) b[*SIN EDITORIAL*]c2013 asi a17/7/2013 12:47:02 p.m. c8242d8242